La Paz y el futuro de Centroamérica propuesta de negociación y actores internacionales /
Analiza los acuerdos alcanzados durante Esquipulas II, destacando las características conceptuales y operacionales de los mismos, brindando una síntesis de las relaciones entre Centroamérica y la Comunidad Internacional dentro del marco de los "Acuerdos de Esquipulas II" y las formas en la...
Збережено в:
| Автор: | |
|---|---|
| Формат: | Текст |
| Предмети: | |
| Теги: |
Додати тег
Немає тегів, Будьте першим, хто поставить тег для цього запису!
|
MARC
| LEADER | 00000 a a2200000 04500 | ||
|---|---|---|---|
| 001 | 13788 | ||
| 003 | |||
| 040 | |||
| 100 | |a Solís Rivera, Luis Guillermo | ||
| 245 | |a La Paz y el futuro de Centroamérica propuesta de negociación y actores internacionales / |c Luis Guillermo Solís Rivera | ||
| 520 | |a Analiza los acuerdos alcanzados durante Esquipulas II, destacando las características conceptuales y operacionales de los mismos, brindando una síntesis de las relaciones entre Centroamérica y la Comunidad Internacional dentro del marco de los "Acuerdos de Esquipulas II" y las formas en las cuales, los diferentes actores perciben la nueva realidad regional. OB/EL | ||
| 650 | |a POLITICA REGIONAL | ||
| 650 | |a PAZ | ||
| 650 | |a ORGANIZACIONES REGIONALES | ||
| 650 | |a PLANES DE PAZ | ||
| 650 | |a RELACIONES INTERNACIONALES | ||
| 773 | |g número 21; páginas 7-17 | ||
| 999 | |c 39097 |d 39097 | ||
